书目信息 |
| 题名: |
NOx催化氧化吸收技术与系统
|
|
| 作者: | 李登新 著 | |
| 分册: | ||
| 出版信息: | 北京 中国环境出版社 2017.08 |
|
| 页数: | 425页 | |
| 开本: | 26cm | |
| 丛书名: | 大气污染防治理论与应用丛书 | |
| 单 册: | ||
| 中图分类: | X511.06 , X701 | |
| 科图分类: | ||
| 主题词: | 氮化合物--氧化物--催化--氧化 , 氮化合物--氧化物--催化--吸收 | |
| 电子资源: | ||
| ISBN: | 978-7-5111-3241-3 | |
| 000 | 01684oam2 2200301 450 | |
| 001 | 1293 | |
| 005 | 20180927172730.76 | |
| 010 | @a978-7-5111-3241-3@dCNY130.00 | |
| 100 | @a20180412d2017 em y0chiy50 ea | |
| 101 | 0 | @achi |
| 102 | @aCN@b110000 | |
| 105 | @aa z 000yy | |
| 200 | 1 | @aNOx催化氧化吸收技术与系统@9NOx cui hua yang hua xi shou ji shu yu xi tong@dThe catalytic oxidation absorption technology and system of NOx@f李登新等著@zeng |
| 210 | @a北京@c中国环境出版社@d2017.08 | |
| 215 | @a425页@c图@d26cm | |
| 225 | 1 | @a大气污染防治理论与应用丛书 |
| 300 | @a“十二五”国家重点图书出版规划项目 | |
| 304 | @a正题名“NOx”中的“x”为下角标 | |
| 330 | @a本书主要介绍了高硫高砷难选冶金精矿和尾渣利用NOx和其它催化剂催化氧化剥离硫铁矿等包裹金的尖硬外壳,使金裸露出来,大大提高金的提取率,幅度为从20%至99%,并协同利用矿物中的铜、铅和铁,生产金属铜、硫酸铅和铁红,无害化金属砷为高砷酸铁(是一种重要的化工原料)。研究了催化氧化用催化剂优选、氧化设备-启动雾化实现NOx循环使用的专用设备和设备设计。经过启动雾化系统循环利用NOx和综合利用其它组分,大大降低了预处理提金成本。同时对催化氧化矿物提金过程进行了模拟,提供了污染控制、过程控制和设备运行自动化控制方法。本书提供了一套解决高硫高砷难选冶金精矿和尾渣利用NOx和其它催化剂催化氧化剥离硫铁矿等包裹金的尖硬外壳、提高金提取率和综合利用金精矿、尾渣得初步方案。 | |
| 461 | 0 | @12001 @a大气污染防治理论与应用丛书 |
| 510 | 1 | @aCatalytic oxidation absorption technology and system of NOx@zeng |
| 606 | 0 | @a氮化合物@x氧化物@x催化@x氧化 |
| 606 | 0 | @a氮化合物@x氧化物@x催化@x吸收 |
| 690 | @aX511.06@v5 | |
| 690 | @aX701@v5 | |
| 701 | 0 | @a李登新@9li deng xin@4著 |
| 801 | 0 | @aCN@b91MARC@c20180412 |
| 905 | @aMuseLib@dX511.06@e178 | |
| NOx催化氧化吸收技术与系统=The catalytic oxidation absorption technology and system of NOx/李登新等著.-北京:中国环境出版社,2017.08 |
| 425页:图;26cm.-(大气污染防治理论与应用丛书) |
| “十二五”国家重点图书出版规划项目 |
| ISBN 978-7-5111-3241-3:CNY130.00 |
| 本书主要介绍了高硫高砷难选冶金精矿和尾渣利用NOx和其它催化剂催化氧化剥离硫铁矿等包裹金的尖硬外壳,使金裸露出来,大大提高金的提取率,幅度为从20%至99%,并协同利用矿物中的铜、铅和铁,生产金属铜、硫酸铅和铁红,无害化金属砷为高砷酸铁(是一种重要的化工原料)。研究了催化氧化用催化剂优选、氧化设备-启动雾化实现NOx循环使用的专用设备和设备设计。经过启动雾化系统循环利用NOx和综合利用其它组分,大大降低了预处理提金成本。同时对催化氧化矿物提金过程进行了模拟,提供了污染控制、过程控制和设备运行自动化控制方法。本书提供了一套解决高硫高砷难选冶金精矿和尾渣利用NOx和其它催化剂催化氧化剥离硫铁矿等包裹金的尖硬外壳、提高金提取率和综合利用金精矿、尾渣得初步方案。 |
| ● |
| 相关链接 |
|
|
|
|
正题名:NOx催化氧化吸收技术与系统
索取号:X511.06/178
 
预约/预借
| 序号 | 登录号 | 条形码 | 馆藏地/架位号 | 状态 | 备注 |
| 1 | 1122054 | 211220542 | 第二样本阅览室/ [索取号:X511.06/178] | 在馆 | |
| 2 | 1122055 | 211220551 | 第三借阅区/ [索取号:X511.06/178] | 在馆 | |
| 3 | 1122056 | 211220560 | 第三借阅区/ [索取号:X511.06/178] | 在馆 |